| 000 | 01747nam a22003017a 4500 | ||
|---|---|---|---|
| 003 | dpl | ||
| 005 | 20080911114410.0 | ||
| 008 | 080911t xxu||||| |||| 00| 0 eng d | ||
| 010 | _aDVD-000452-454 DVD-000816 | ||
| 024 |
_2O0228 _c499.00 |
||
| 035 | _aDVD-000452-454 DVD-000816 | ||
| 040 |
_aDPL _cDPL |
||
| 082 | _aDVD / ROBI | ||
| 245 |
_aRobin Hood _cWalt Disney Pictures Presents _h[videorecording] (DVD)/ |
||
| 260 |
_aBurbank, CA _bWalt Disney Home Entertainment |
||
| 300 |
_a1 videodiscs (80 min.): _bsd., col.; _c4 3/4 in. _fDVD |
||
| 440 | _aWalt Disney Classics | ||
| 500 | _aSole Distributor in India M/s Excel Productions Audio Visuals Pvt. Ltd. | ||
| 500 | _aSpecial Features- Robin Hood Triva Game Robin DVD Story Book | ||
| 538 | _aDolby Digital 5.1-English, Cantonese, mandarin Subtitles-English, Thai, Mandarin | ||
| 538 | _aAspect Ratio:1.33.1, Presentation Type: Full Screne, Presentation Size 4x3, Formaton: DVD 9- Dual Layer Single sided Disc, | ||
| 650 | _2Animated Movie | ||
| 942 |
_2ddc _cCF _hDVD _mROBI |
||
| 999 |
_c15593 _d15593 |
||